000 00717cam a22002411 4500
001 sa 65009378
003 DLC
005 20260227112201.0
008 870730s1964 io c b 000 0 ind
010 _asa 65009378
025 _aPL480:Indo-1924
035 _a(OCoLC)16346994
040 _aDLC
_cICRL
_dDLC
042 _apremarc
050 0 0 _aJC49
_b.A62
100 1 _aAhmad, Zainal Abidin,
_d1911-
245 1 0 _aNegara utama
_b(Madinatuʼl fadilah)
_cTeori kenegaraan dari sardjana Islam al Farabi, oleh H.Z.A. Ahmad.
260 _a[Djakarta]
_bDjambatan
_c[1964]
300 _aviii, 147 p.
_bport.
_c18 cm.
500 _aIndonesian or English.
504 _aBibliography: p. 135-141.
650 0 _aState, The.
999 _c66173
_d66173